000 00532nam a2200181 i 4500
001 145698
003 ES-MaACL
005 20230906201304.0
007 t|
008 071016s1972 sp ||||1| spa d
100 1 _aVenzmer, Gerhard.
_9113935
245 1 3 _aLa medicina del alma /
_cGerhard Venzmer ; [traducción, Rafael Ballester].
250 _a[1ª ed.].
260 _aBarcelona :
_bBruguera,
_c[1972]
300 _a216 p. :
_bil. ;
_c18 cm.
700 1 _aBallester, Rafael.
_925006
852 _aES-MaACL
_jC-43867
_bR.82973
999 _c145698
_d145698